<?xml version="1.0" encoding="UTF-8"?><?xml-stylesheet type="text/xsl" href="static/style.xsl"?><OAI-PMH xmlns="http://www.openarchives.org/OAI/2.0/" xmlns:xsi="http://www.w3.org/2001/XMLSchema-instance" xsi:schemaLocation="http://www.openarchives.org/OAI/2.0/ http://www.openarchives.org/OAI/2.0/OAI-PMH.xsd"><responseDate>2026-04-13T07:36:33Z</responseDate><request verb="GetRecord" identifier="oai:www.recercat.cat:10459.1/41474" metadataPrefix="marc">https://recercat.cat/oai/request</request><GetRecord><record><header><identifier>oai:recercat.cat:10459.1/41474</identifier><datestamp>2024-12-05T22:08:43Z</datestamp><setSpec>com_2072_3622</setSpec><setSpec>col_2072_479130</setSpec></header><metadata><record xmlns="http://www.loc.gov/MARC21/slim" xmlns:dcterms="http://purl.org/dc/terms/" xmlns:xsi="http://www.w3.org/2001/XMLSchema-instance" xmlns:doc="http://www.lyncode.com/xoai" xsi:schemaLocation="http://www.loc.gov/MARC21/slim http://www.loc.gov/standards/marcxml/schema/MARC21slim.xsd">
   <leader>00925njm 22002777a 4500</leader>
   <datafield ind2=" " ind1=" " tag="042">
      <subfield code="a">dc</subfield>
   </datafield>
   <datafield ind2=" " ind1=" " tag="720">
      <subfield code="a">García Pascual, Francisco</subfield>
      <subfield code="e">author</subfield>
   </datafield>
   <datafield ind2=" " ind1=" " tag="720">
      <subfield code="a">Mateu González, Josep Joan</subfield>
      <subfield code="e">author</subfield>
   </datafield>
   <datafield ind2=" " ind1=" " tag="260">
      <subfield code="c">2011-05-26T08:39:47Z</subfield>
   </datafield>
   <datafield ind2=" " ind1=" " tag="260">
      <subfield code="c">2011-05-26T08:39:47Z</subfield>
   </datafield>
   <datafield ind2=" " ind1=" " tag="260">
      <subfield code="c">2003</subfield>
   </datafield>
   <datafield ind2=" " ind1=" " tag="520">
      <subfield code="a">En este trabajo pretendemos ofrecer una visión de conjunto de la demografía de los&#xd;
municipios y comarcas que conforman el espacio que convencionalmente definimos como los Pirineos. Un territorio que, con mayor o menor intensidad según las coyunturas, ha vislumbrado cómo sus efectivos poblacionales han ido disminuyendo dramáticamente a lo largo de todo el siglo XX. Sin embargo, en la&#xd;
última década y en estos primeros años de la nueva centuria, se están detectando cambios en sus negativas dinámicas demográficas, que reflejan a su vez modificaciones de las funciones socioeconómicas que una parte de los municipios pirenaicos desempeñan en la sociedad española. Los motores que vehiculan estas nuevas tendencias son, principalmente, la combinación de las funciones turística y residencial que ahora van a desarrollar una parte de estos municipios.</subfield>
   </datafield>
   <datafield ind2=" " ind1=" " tag="520">
      <subfield code="a">In this work, we attempt to offer a general view of the demography of the villages and&#xd;
counties, which belong to what we conventionally define as the Pyrenees. This is an area that with different intensities in different conjunctures, has experienced a dramatic population fall throughout the 20th&#xd;
century. In the last decade, however, and in the first years of the new century, changes in these negative demographic dynamics can be detected. These changes result in turn from modifications of the socio-economic functions which part of the villages in the Pyrenees fulfil in Spanish society. The powers that draw these new trends are, basically, the combination of residential and touristic functions, which will be developed now by some of those villages.</subfield>
   </datafield>
   <datafield ind1="8" ind2=" " tag="024">
      <subfield code="a">http://hdl.handle.net/10459.1/41474</subfield>
   </datafield>
   <datafield tag="653" ind2=" " ind1=" ">
      <subfield code="a">Rural</subfield>
   </datafield>
   <datafield tag="653" ind2=" " ind1=" ">
      <subfield code="a">Pirineos</subfield>
   </datafield>
   <datafield tag="653" ind2=" " ind1=" ">
      <subfield code="a">Demografía</subfield>
   </datafield>
   <datafield tag="653" ind2=" " ind1=" ">
      <subfield code="a">Migraciones</subfield>
   </datafield>
   <datafield tag="653" ind2=" " ind1=" ">
      <subfield code="a">Migració rural -- Pirineus</subfield>
   </datafield>
   <datafield ind2="0" ind1="0" tag="245">
      <subfield code="a">Cambios y permanencias en las dinámicas sociodemográficas de los Pirineos españoles. El papel de los movimientos migratorios</subfield>
   </datafield>
</record></metadata></record></GetRecord></OAI-PMH>